| 000 | 00712pam a2200205 a 4500 | ||
|---|---|---|---|
| 001 | 3734357 | ||
| 005 | 20250605180232.0 | ||
| 008 | 810817r19811975dcu b 000 0 eng | ||
| 020 |
_a0819118494 : _c$24.00 |
||
| 020 |
_a0819118508 (pbk.) : _c$13.25 |
||
| 050 | 0 | 0 |
_aBT720 _b.V3 1981 |
| 082 | 0 | 0 |
_a233/.14 _219 |
| 100 | 1 | _aVandervelde, George. | |
| 245 | 1 | 0 |
_aOriginal sin : _btwo major trends in contemporary Roman Catholic reinterpretation / _cGeorge Vandervelde. |
| 260 |
_aWashington, D.C. : _bUniversity Press of America, _cc1981. |
||
| 300 |
_a350 p. ; _c24 cm. |
||
| 500 | _aReprint. Originally published: Amsterdam : Rodopi, 1975. | ||
| 650 | 0 |
_aSin, Original _xHistory of doctrines. |
|
| 942 |
_2lcc _cBK _n0 |
||
| 999 |
_c6328 _d6328 |
||